Quick Pick: One Word Best Picture Quiz Stats

 Plays Quiz Updated Feb 23, 2019

Score 0/11 Timer 01:00
1 Play Today
% Correct
Braveheart
91.9%
Gandhi
91.4%
Gladiator
88.9%
Platoon
82.4%
Patton
78.6%
Crash
78.6%
Gigi
65.6%
Spotlight
63.2%
Hamlet
59.1%
Rebecca
55.4%
Cimarron
41.3%

Today's Daily Dose

You're not logged in!

Compare scores with friends on all Sporcle quizzes.
OR
Log In

You Might Also Like...

Show Comments

Extras

Top Quizzes Today


Score Distribution

Your Account Isn't Verified!

In order to create a playlist on Sporcle, you need to verify the email address you used during registration. Go to your Sporcle Settings to finish the process.

Report this User

Report this user for behavior that violates our Community Guidelines.

Details: